Central Library OPAC University of Rajshahi

Constitutional laws of the Commonwealth / (Record no. 5470)

MARC details
000 -LEADER
fixed length control field 00873cam a22002771a 4500
001 - CONTROL NUMBER
control field 5470
003 - CONTROL NUMBER IDENTIFIER
rucl marc code BD-RjUL
005 - DATE AND TIME OF LATEST TRANSACTION
control field 20211208234054.0
008 - FIXED-LENGTH DATA ELEMENTS--GENERAL INFORMATION
fixed length control field 131226s1962 enk b 001 0 eng
035 ## - SYSTEM CONTROL NUMBER
System control number (BD-RjUL)5506
System control number (OCoLC)3109137
040 ## - CATALOGING SOURCE
Original cataloging agency DLC
Transcribing agency OC
Modifying agency OCoLC
-- Uk
-- MoSU-L
-- DLC
-- BD-RjUL
Language of cataloging eng
041 ## - LANGUAGE CODE
Language code of text/sound track or separate title eng
051 ## - LIBRARY OF CONGRESS COPY, ISSUE, OFFPRINT STATEMENT
Classification number JN234 1952
Item number .J4
082 00 - DEWEY DECIMAL CLASSIFICATION NUMBER
Classification number 342.4203
Author mark and year JEC 1962
100 1# - MAIN ENTRY--PERSONAL NAME
Personal name Jennings, Ivor,
Dates associated with a name 1903-1965.
9 (RLIN) 8234
245 10 - TITLE STATEMENT
Title Constitutional laws of the Commonwealth /
Statement of responsibility, etc. by Sir Ivor Jennings.
Number of part/section of a work Volume 1
Name of part/section of a work the monarchies
250 ## - EDITION STATEMENT
Edition statement 3rd ed.
260 ## - PUBLICATION, DISTRIBUTION, ETC. (IMPRINT)
Place of publication, distribution, etc. Oxford :
Name of publisher, distributor, etc. Clarendon Press,
Date of publication, distribution, etc. 1952.
300 ## - PHYSICAL DESCRIPTION
Pagination xxiv, 596 p. ;
Size 22 cm.
504 ## - BIBLIOGRAPHY, ETC. NOTE
Bibliography, etc Includes bibliographical references and index.
650 #0 - SUBJECT ADDED ENTRY--TOPICAL TERM
Topical term or geographic name as entry element Constitutional law
Geographic subdivision Commonwealth countries.
9 (RLIN) 17166
942 ## - ADDED ENTRY ELEMENTS (KOHA)
Source of classification or shelving scheme Dewey Decimal Classification
Koha item type Books
Holdings
Lost status Source of classification or shelving scheme Materials specified (bound volume or other part) Damaged status Not for loan Permanent Location Current Location Shelving location Date acquired Source of acquisition Cost, normal purchase price Total Checkouts Full call number Date last seen Copy number Koha item type Collection code
  Dewey Decimal Classification V-1     Central Library, University of Rajshahi Central Library, University of Rajshahi   15/04/1964 Zeit. 55.00   342.4203 JEC 1962 26/12/2013 C-3 Books  
  Dewey Decimal Classification       Central Library, University of Rajshahi Central Library, University of Rajshahi   11/03/1958 B.H.Blackwell     342.4203 JEC V-1 1957 27/07/2016 C-2 Books Non-fiction